左手的繆思

資料類型: Book 圖書   書目號:24942

Leader xxxxxxxxxx
001 __ PCLIS00024942
005 __ 20230301143358.0
010 0_ |b平裝|dNT$80
100 __ |a19870509d1986    m  y0chiy09      e
101 1_ |achi
102 __ |atw
105 __ |ay   z   000cy
200 1_ |a左手的繆思|f余光中著
205 __ |a二版
210 __ |a臺北巿|c時報文化|d民75[1986]
215 0_ |a173面|d19公分
225 1_ |a人間叢書|v34
300 __ |a語文--創作選集
606 __ |2cst|a散文
681 __ |a855|b8556
681 __ |a848|b8556 88 C.1
700 _1 |a|b光中|f1928-2017|4801 _0 |atw|b內湖高中|c20010622
801 _2 |atw|b內湖高中|c20230301|gCCR
詳細館藏(共 1 筆)
索 書 號登 錄 號冊次號館別 / 館藏地流通類型狀態加入預約清單電子資源
855 / 8566 2009452  圖書館 / 一樓普通區 可外借30天 在館   

| 條列資料




目錄查詢 分類查詢 個人資料 圖書薦購 新書查詢 閉館日 排行榜 更多電子資源 Hami書城 線上資料庫 登出

From : 216.73.216.116

  本日流通累計至 09:47:01 借閱 : 3 次 續借 : 0 次 歸還 : 7 次 預約 : 0 次 電子資源 : 0 次


內湖高中圖書館  PCLIS 版本  25.5.0.2